000 00709nam a2200229 a 4500
001 012272
003 BD-ChCU
005 20250924123339.0
008 Ben
020 _a৯৮৪৪১২২৭৪২
040 _aDLC
_cDLC
_dBD-ChCU
082 0 0 _a১৯০/তালু৪১আ
100 1 _aতালুকদার, আবদুল হাই
_b-
245 1 0 _aআধুনিক পাশ্চাত্য দর্শনের ইতিহাস
_b-
250 _a***
260 _aঢাকা
_bঅনন্যা
_c১৯৯১
300 _a**
504 _a- Biblio-
650 0 _aদর্শন, পাশ্চাত্য
_bদর্শন
700 1 _a-
942 _2ddc
_cBK
999 _c12272
_d12272